000 00943nmm a2200277 a 4500
001 ocm000607639
003 TR-IsHL
005 20201028134637.0
008 131203s2003 tu tur
007 cr cn
020 _a9789754110746
035 _a607639
_b(N$T)
050 0 4 _aTK7868
_b.Y37 2003
090 0 4 _aTK7868
_b.Y37 2003
100 1 _aYarcı, Kemal
245 1 0 _aElektrik atelyesi endüstriyel ve dijital elektronik deneyleri
_h[electronic resource] /
_cKemal Yarcı ; Orhan Öztürk
260 _aİstanbul :
_bYüce Yayınları,
_c2003
300 _a304 p.
650 4 _aMühendislik ve Teknoloji
650 4 _aEngineering and Technology
650 0 _aSayısal elektronik
650 0 _aDigital electronics
650 7 _aTECHNOLOGY & ENGINEERING / Electronics / Digital
_2bisacsh
700 1 _aÖztürk, Orhan
856 4 0 _uhttp://search.ebscohost.com/login.aspx?direct=true&scope=site&db=e011xww&AN=607639
999 _c6305
_d6305